Sociology : (Record no. 8429)
[ view plain ]
| 000 -LEADER | |
|---|---|
| fixed length control field | 00553cam a2200205ua 4500 |
| 001 - CONTROL NUMBER | |
| control field | 9379 |
| 005 - DATE AND TIME OF LATEST TRANSACTION | |
| control field | 20260515114447.0 |
| 008 - FIXED-LENGTH DATA ELEMENTS--GENERAL INFORMATION | |
| fixed length control field | 150821n ii |||gr||||Z||||||eng |
| 020 ## - INTERNATIONAL STANDARD BOOK NUMBER | |
| International Standard Book Number | 8121910366 |
| 040 ## - CATALOGING SOURCE | |
| Transcribing agency | MAIN |
| 041 ## - LANGUAGE CODE | |
| Language code of text/sound track or separate title | eng |
| 082 ## - DEWEY DECIMAL CLASSIFICATION NUMBER | |
| Classification number | 301 |
| 100 ## - MAIN ENTRY--PERSONAL NAME | |
| Personal name | Rao, C N Sankar Rao, |
| Relator term | Author. |
| 245 1# - TITLE STATEMENT | |
| Title | Sociology : |
| Remainder of title | principles of sociology with an introduction to social thought / |
| Statement of responsibility, etc. | by C N Sankar Rao . |
| 250 ## - EDITION STATEMENT | |
| Edition statement | Rep. ed. |
| 260 ## - PUBLICATION, DISTRIBUTION, ETC. | |
| Place of publication, distribution, etc. | New Delhi: |
| Name of publisher, distributor, etc. | S Chand, |
| Date of publication, distribution, etc. | 2008. |
| 300 ## - PHYSICAL DESCRIPTION | |
| Extent | 891p. |
| 653 ## - INDEX TERM--UNCONTROLLED | |
| Uncontrolled term | Sociology & anthropology |
| 942 ## - ADDED ENTRY ELEMENTS (KOHA) | |
| Koha item type | Books |
| Withdrawn status | Lost status | Damaged status | Not for loan | Home library | Current library | Shelving location | Date acquired | Total checkouts | Full call number | Barcode | Date last seen | Date last checked out | Copy number | Price effective from | Koha item type |
|---|---|---|---|---|---|---|---|---|---|---|---|---|---|---|---|
| Naharkatiya College Library | Naharkatiya College Library | General stacks | 09/19/2020 | 1 | 301 | RAO | 18650 | 01/29/2021 | 11/23/2020 | 1 | 09/19/2020 | Books | ||||
| Naharkatiya College Library | Naharkatiya College Library | General stacks | 09/19/2020 | 7 | 301 | RAO | 18651 | 12/19/2024 | 11/05/2024 | 2 | 09/19/2020 | Books | ||||
| Naharkatiya College Library | Naharkatiya College Library | General stacks | 09/19/2020 | 2 | 301 | RAO | 18652 | 07/06/2023 | 05/27/2023 | 3 | 09/19/2020 | Books | ||||
| Naharkatiya College Library | Naharkatiya College Library | General stacks | 09/19/2020 | 3 | 301 | RAO | 18653 | 10/26/2024 | 10/01/2024 | 4 | 09/19/2020 | Books | ||||
| Naharkatiya College Library | Naharkatiya College Library | General stacks | 09/19/2020 | 301 | RAO | 18654 | 09/19/2020 | 5 | 09/19/2020 | Books |